00975 am a2200277ua 450000100100000000500170001000800410002701000130006802000150008102000180009604000110011408200210012510000230014624500660016926000780023530000440031350000240035750000230038150400310040465000520043565300250048765500240051294200210053699900170055795201230057401006579420140302115905.0870805t1987 xxkad grb 001 0 eng d a86025702 a0566051133 a9780566051135 aUkcUk04a658.306222bELI1 aElizur, Dov93514810aSystematic job evaluation and comparable worth /cDov Elizur. aAldershot, United Kingdom ;aBrookfield, United States :bGower,cc.1987. axxiv, 290 p. :bchart, tables ;c23 cm. aIndex : p. 279-290. aIncludes appendix. aBibliography : p. 217-244. 0aJob evaluationxHandbooks, manuals, etc.935149 bBUSADMcFebruary2014 vreading book934232 2ddck658.306 ELI c18059d18031 00102ddc40708Donation-GaMAINbMAINc1STd2014-02-09eDonationl0o658.306 ELIp000035613r2025-07-15 00:00:00yBB